Jugadores con más tiempo en su equipo - Estadísticas

Estadísticas generales
  • Esta prueba ha sido intentada 21 veces
  • La puntuación promedio es 9 de 31
Estadísticas de respuestas
Club Nacionalidad Respuesta Tiempo % Correcto
Athletic Club Ghanés Iñaki Williams 11 años y 5 meses
84%
PSG Brasileño Marquinhos 12 años y 5 meses
84%
Bayern de Múnich Alemán Manuel Neuer 14 años y 5 meses
79%
Atlético de Madrid Española Koke 17 años y 5 meses
74%
Atlético de Madrid Esloveno Jan Oblak 11 años y 5 meses
68%
Barcelona Alemán Marc-André Ter Stegen 11 años y 5 meses
68%
Atlético de Madrid Uruguayo José María Giménez 12 años y 8 meses
63%
Real Madrid Español Dani Carvajal 12 años y 5 meses
53%
CSKA Moscú Rusa Igor Akinfeev 22 años y 11 meses
37%
Valencia Español José Gayà 13 años y 5 meses
37%
Everton Irlandés Séamus Coleman 15 años y 6 meses
32%
Sporting Braga Portugués Tiago Sà 11 años y 11 meses
32%
Manchester United Inglés Luke Shaw 11 años y 5 meses
26%
Tottenham Hotspur Galés Ben Davies 11 años y 5 meses
21%
Bournemouth Inglés Adam Smith 11 años y 11 meses
16%
Real Sociedad Español Aritz Elustondo 13 años y 5 meses
16%
RB Leipzig Alemán Lukas Klostermann 11 años y 5 meses
16%
Athletic Club Española Yeray 18 años y 5 meses
16%
Brighton Inglés Lewis Dunk 12 años y 1 mes
11%
Wolfsburgo Alemán Maximilian Arnold 13 años y 11 meses
11%
Friburgo Alemán Christian Günter 13 años y 15 meses
5%
Unión Berlín Austríaco Christopher Trimmel 11 años y 5 meses
5%
Osasuna Español Kike Barja 11 años y 5 meses
5%
Athletic Club Española Lekue 16 años y 5 meses
5%
Oviedo Español Lucas Ahijado 12 años y 5 meses
5%
Hoffenheim Alemám Oliver Baumann 11 años y 5 meses
5%
Brighton Inglés Solly March 12 años y 5 meses
5%
Besiktas Turca Necip Uysal 16 años y 5 meses
0%
Friburgo Alemán Nicolas Höfler 12 años y 5 meses
0%
Mainz04 Alemán Stefan Bell 13 años y 11 meses
0%
Eintracht Frankfurt Estado-unidense Timothy Chandler 11 años y 5 meses
0%
No se encontraron pruebas coincidentes
Distribución de puntuación
Porcentaje de gente con cada puntuación
Porcentaje por número respondido
Historial de tus puntuaciones
No has intentado esta prueba.